Conference on the landscape of industry /

Saved in:
Bibliographic Details
Corporate Author: Institute of Landscape Architects (Great Britain). Annual Conference
Format: Book
Language:English
Published: London, Eng. : The Institute, 1957.
Subjects:
Tags: Add Tag
No Tags, Be the first to tag this record!
LEADER 00773nam a22001817u 4500
001 000000044-2
005 20020606090541.3
008 821202|1957 ||||||| |||| |0||||eng|d
035 0 |a ocm80582467 
110 2 |a Institute of Landscape Architects (Great Britain).  |b Annual Conference  |d (1957 :  |c Newcastle-Upon-Tyne, Northumberland) 
245 1 0 |a Conference on the landscape of industry /  |c Institute of Landscape Architects. 
260 0 |a London, Eng. :  |b The Institute,  |c 1957. 
300 |a [4] p. ;  |c 34 cm. 
500 |a Conference held at King's College, University of Durham, Newcastle-Upon-Tyne(Northumberland) on September 6th, 7th and 8th, 1957. 
500 |a Includes enrollment form. 
610 2 0 |a Institute of Landscape Architects (Great Britain). 
988 |a 20020608 
906 |0 MH